[Event "GER-ch U25-B"]
[Site "Willingen"]
[Date "2018.05.26"]
[Round "9"]
[White "Koegel, Josef"]
[Black "Borgmann, Simon"]
[Result "1/2-1/2"]
[WhiteElo "1573"]
[BlackElo "1445"]
[PlyCount "42"]
[EventDate "2018.05.19"]
[EventType "swiss"]
[EventRounds "9"]
[EventCountry "GER"]
[SourceTitle "CBM 184 Extra"]
[Source "ChessBase"]
[SourceDate "2018.06.28"]
[SourceVersion "1"]
[SourceVersionDate "2018.06.28"]
[SourceQuality "1"]

1. Nf3 d5 2. g3 e6 3. Bg2 Nf6 4. 0-0 b6 5. d3 Bb7 6. Nbd2 c5 7. b3 Be7 8. Bb2 0-0 9. Re1 Nbd7 10. e3 Qc7 11. c4 Rad8 12. Rc1 Qb8 13. Qe2 Rfe8 14. Ng5 dxc4 15. Nxc4 Bxg2 16. Kxg2 h6 17. Nf3 Qb7 18. Kg1 Nd5 19. Nfd2 N7f6 20. Qf3 Qa8 21. Ne5 Nb4 1/2-1/2

[Event "GER-ch U25-B"]
[Site "Willingen"]
[Date "2018.05.23"]
[Round "5"]
[White "Waligora, Franciszek"]
[Black "Koegel, Josef"]
[Result "1/2-1/2"]
[WhiteElo "1445"]
[BlackElo "1573"]
[PlyCount "79"]
[EventDate "2018.05.19"]
[EventType "swiss"]
[EventRounds "9"]
[EventCountry "GER"]
[SourceTitle "CBM 184 Extra"]
[Source "ChessBase"]
[SourceDate "2018.06.28"]
[SourceVersion "1"]
[SourceVersionDate "2018.06.28"]
[SourceQuality "1"]

1. e4 c5 2. Nf3 d6 3. d4 cxd4 4. Nxd4 Nf6 5. Nc3 g6 6. Be2 Bg7 7. 0-0 0-0 8. Be3 Nc6 9. Qd2 Ng4 10. Nxc6 bxc6 11. Bf4 Re8 12. Rad1 Rb8 13. Rb1 Qa5 14. Qd3 Ne5 15. Qd2 Be6 16. b3 Rb7 17. Na4 Qxd2 18. Bxd2 f5 19. exf5 Bxf5 20. Rbc1 Nd7 21. Ba6 Rbb8 22. Rfe1 e5 23. c3 d5 24. Rcd1 c5 25. Be3 d4 26. cxd4 cxd4 27. Bc4+ Kf8 28. Bc1 Be6 29. Ba3+ Kf7 30. Bd6 Rbc8 31. Nb2 Rc6 32. Ba3 Bxc4 33. Nxc4 Nb6 34. Nd6+ Rxd6 35. Bxd6 Nd5 36. Rc1 Nc3 37. a3 Ke6 38. Bb4 Rc8 39. Kf1 Kd5 40. Bxc3 1/2-1/2

[Event "GER-ch U25-B"]
[Site "Willingen"]
[Date "2018.05.22"]
[Round "4"]
[White "Koegel, Josef"]
[Black "Strack, Patrick"]
[Result "0-1"]
[WhiteElo "1573"]
[BlackElo "1742"]
[PlyCount "54"]
[EventDate "2018.05.19"]
[EventType "swiss"]
[EventRounds "9"]
[EventCountry "GER"]
[SourceTitle "CBM 184 Extra"]
[Source "ChessBase"]
[SourceDate "2018.06.28"]
[SourceVersion "1"]
[SourceVersionDate "2018.06.28"]
[SourceQuality "1"]

1. d4 d5 2. c4 e6 3. cxd5 exd5 4. Nc3 Nf6 5. Bg5 Be7 6. Qc2 c6 7. e3 Bg4 8. Bd3 Bh5 9. Nge2 Bg6 10. Bxg6 fxg6 11. 0-0-0 Na6 12. Nf4 Qd6 13. Kb1 0-0 14. Qe2 Qd7 15. g4 Bb4 16. Bxf6 Rxf6 17. Rc1 Re8 18. Nd3 Bd6 19. h4 Nb4 20. Nxb4 Bxb4 21. Na4 Rf4 22. Qc2 Rxg4 23. Rcg1 Ree4 24. Rxg4 Rxg4 25. f3 Rg3 26. Qf2 Qf5+ 27. Ka1 Rxf3 0-1

[Event "GER-ch U25-A"]
[Site "Willingen"]
[Date "2017.06.04"]
[Round "2"]
[White "Koegel, Josef"]
[Black "Petersen, Finn Christopher"]
[Result "0-1"]
[WhiteElo "1636"]
[BlackElo "1825"]
[PlyCount "64"]
[EventDate "2017.06.04"]
[EventType "swiss"]
[EventRounds "9"]
[EventCountry "GER"]
[SourceTitle "CBM 178 Extra"]
[Source "ChessBase"]
[SourceDate "2017.06.22"]
[SourceVersion "1"]
[SourceVersionDate "2017.06.22"]
[SourceQuality "1"]

1. e4 e5 2. Bc4 Nf6 3. Nc3 Nc6 4. d3 Bc5 5. f4 d6 6. Nf3 Bg4 7. h3 Bxf3 8. Qxf3 Nd4 9. Qd1 g6 10. fxe5 Nh5 11. h4 dxe5 12. Bg5 f6 13. Bh6 Qd7 14. g4 Nf4 15. Bxf4 exf4 16. Nd5 Qd6 17. c3 Nc6 18. d4 Bb6 19. Qf3 g5 20. hxg5 fxg5 21. e5 Nxe5 22. dxe5 Qxe5+ 23. Kd2 0-0-0 24. Rae1 Be3+ 25. Kc2 Rhe8 26. Rh3 Qd6 27. Kb1 Qc5 28. Nxe3 Rd2 29. Bb3 fxe3 30. Rxe3 Rf8 31. Qe4 Qc6 32. Qxc6 Rf1+ 0-1

[Event "GER-ch U25-A"]
[Site "Willingen"]
[Date "2017.06.04"]
[Round "1"]
[White "Svane, Freja"]
[Black "Koegel, Josef"]
[Result "0-1"]
[WhiteElo "1418"]
[BlackElo "1636"]
[PlyCount "64"]
[EventDate "2017.06.04"]
[EventType "swiss"]
[EventRounds "9"]
[EventCountry "GER"]
[SourceTitle "CBM 178 Extra"]
[Source "ChessBase"]
[SourceDate "2017.06.22"]
[SourceVersion "1"]
[SourceVersionDate "2017.06.22"]
[SourceQuality "1"]

1. d4 Nf6 2. c4 g6 3. Nc3 d5 4. Nf3 Bg7 5. e3 0-0 6. b3 c5 7. Bb2 dxc4 8. bxc4 Bf5 9. Be2 Qc7 10. 0-0 Rd8 11. h3 Nbd7 12. Rc1 Rac8 13. Qb3 b6 14. Nb5 Qb7 15. Rfd1 Ne4 16. Nc3 Ndf6 17. Bd3 cxd4 18. exd4 Nd6 19. Be2 Rc7 20. Nb5 Nxb5 21. Qxb5 Ne4 22. Bd3 Nd6 23. Qb3 Bxd3 24. Qxd3 Rdc8 25. Nd2 Qa6 26. Rc2 Nxc4 27. Rdc1 b5 28. a3 Nxb2 29. Qb3 Rxc2 30. Rxc2 Rxc2 31. Qxc2 Qxa3 32. Qc8+ Bf8 0-1